000 00665nam a2200289Ia 4500
005 20260324141622.0
008 008 260324s9999 xx 000 0 eng d
020 _a9781315264516
037 _aEBOOK
040 _aCRL
040 _beng
040 _cCRL
041 _2eng
041 _aeng
084 _qCRL
100 _aAndrew Ashbee
_91204458
245 0 _aRecords of English Court Music
245 0 _bVolume IX: Index
260 _bTaylor and Francis
260 _c1996
365 _a
365 _b145
856 _uhttp://www.taylorfrancis.com/books/9781315264516
942 _cEBOOK
999 _c1812161
_d1812161